[Event "NAYCC U08 w"]
[Site "Montreal CAN"]
[Date "2010.08.18"]
[Round "6"]
[White "Ouellet, Maili-Jade"]
[Black "Zhang, Taylor"]
[Result "0-1"]
[WhiteElo "519"]
[BlackElo "897"]
[PlyCount "168"]
[EventDate "2010.08.16"]
[EventType "swiss"]
[EventRounds "7"]
[EventCountry "CAN"]

1. e4 e5 2. Bc4 Nf6 3. d3 Nc6 4. Nc3 d6 5. Nf3 Be7 6. Bb5 Bg4 7. h3 Bh5 8.
Bxc6+ bxc6 9. Bg5 O-O 10. Bxf6 Bxf6 11. g4 Bg6 12. Qd2 h6 13. h4 Be7 14. h5 Bh7
15. O-O-O Qd7 16. Rhg1 Rab8 17. Na4 d5 18. Nxe5 Qd6 19. Nf3 Bf6 20. exd5 Qxd5
21. Rg3 Qb5 22. b3 Rfd8 23. Nc3 Qb4 24. Rgg1 Qxc3 25. Qxc3 Bxc3 26. g5 hxg5 27.
Nxg5 Rb5 28. Ne4 Bxe4 29. dxe4 Rxd1+ 30. Rxd1 Rxh5 31. Rd3 Rh1+ 32. Rd1 Bb2+
33. Kd2 Rxd1+ 34. Kxd1 Bd4 35. f4 f6 36. Kd2 c5 37. Kd3 Kf7 38. Kc4 Ke6 39. c3
Be3 40. f5+ Ke5 41. Kd3 Bf4 42. a4 Kd6 43. a5 Kc6 44. Kc4 Be5 45. b4 cxb4 46.
cxb4 a6 47. b5+ axb5+ 48. Kb4 Bd6+ 49. Kb3 Kb7 50. e5 fxe5 51. Kc3 e4 52. Kd4
b4 53. Kxe4 b3 54. Kd3 b2 55. Kc2 Be5 56. a6+ Kxa6 57. Kb1 Ka5 58. Kc2 Ka4 59.
Kb1 Ka3 60. Kc2 Ka2 61. Kd3 b1=Q+ 62. Kc4 Qxf5 63. Kd5 Bd4+ 64. Kxd4 c5+ 65.
Kc4 Qb1 66. Kxc5 Qb3 67. Kd6 Qc4 68. Ke5 Qd3 69. Kf4 g5+ 70. Kg4 Qe3 71. Kf5
Kb3 72. Kf6 Kc4 73. Kf5 Kd4 74. Kg4 Qf2 75. Kh5 Qg3 76. Kg6 Ke5 77. Kf7 Qf4+
78. Kg6 Qf6+ 79. Kh5 g4 80. Kxg4 Qf5+ 81. Kg3 Ke4 82. Kh4 Qg6 83. Kh3 Kf3 84.
Kh4 Qg4# 0-1

[Event "NAYCC U08 w"]
[Site "Montreal CAN"]
[Date "2010.08.19"]
[Round "7"]
[White "Birarov, Nicole"]
[Black "Ouellet, Maili-Jade"]
[Result "1-0"]
[WhiteElo "956"]
[BlackElo "519"]
[PlyCount "49"]
[EventDate "2010.08.16"]
[EventType "swiss"]
[EventRounds "7"]
[EventCountry "CAN"]

1. e4 e5 2. Nf3 Nc6 3. Bc4 Bc5 4. b4 Bxb4 5. c3 Bc5 6. d4 exd4 7. O-O Nf6 8.
cxd4 Bb6 9. Re1 Ba5 10. Bd2 Bxd2 11. Qxd2 Qe7 12. Nc3 Na5 13. Bd3 O-O 14. Bc2
Nc4 15. Qd3 Nb2 16. Qe2 d6 17. Rab1 Nd1 18. Rexd1 Bg4 19. Qd3 Rad8 20. Nd5 Qd7
21. Nxf6+ gxf6 22. e5 Rfe8 23. Qxh7+ Kf8 24. Qh8+ Ke7 25. Qxf6+ 1-0

[Event "NAYCC U08 w"]
[Site "Montreal CAN"]
[Date "2010.08.19"]
[Round "7"]
[White "Chen, Zixin"]
[Black "Cao, Celine"]
[Result "1-0"]
[WhiteElo "900"]
[BlackElo "378"]
[PlyCount "22"]
[EventDate "2010.08.16"]
[EventType "swiss"]
[EventRounds "7"]
[EventCountry "CAN"]

1. e4 e5 2. Nf3 Nc6 3. Bb5 d5 4. Nxe5 Nf6 5. Nxc6 bxc6 6. Bxc6+ Bd7 7. Bxa8
Qxa8 8. exd5 Bg4 9. f3 Bd7 10. Qe2+ Be7 11. Nc3 O-O {...} 1-0

[Event "NAYCC U08 w"]
[Site "Montreal CAN"]
[Date "2010.08.19"]
[Round "7"]
[White "Gorti, Akshita"]
[Black "Van Raamsdonk, Remei"]
[Result "1-0"]
[WhiteElo "1236"]
[BlackElo "489"]
[PlyCount "75"]
[EventDate "2010.08.16"]
[EventType "swiss"]
[EventRounds "7"]
[EventCountry "CAN"]

1. d4 d5 2. Nf3 Nf6 3. h3 Nc6 4. c3 e6 5. e3 Bd6 6. Bd3 e5 7. dxe5 Nxe5 8. Bc2
Nxf3+ 9. Qxf3 Bc5 10. Nd2 Be6 11. O-O O-O 12. b4 Bb6 13. Bb2 c6 14. a3 a5 15.
Rfd1 Qd7 16. Qe2 Rfd8 17. Nf3 Bc7 18. Nd4 h6 19. Nxe6 Qxe6 20. Bd3 Be5 21. Qc2
axb4 22. axb4 Rxa1 23. Rxa1 b6 24. Ra6 Rb8 25. Kh1 c5 26. bxc5 bxc5 27. Rxe6
fxe6 28. f4 Bd6 29. c4 dxc4 30. Bxc4 h5 31. Bxe6+ Kf8 32. Bc4 Re8 33. Bxf6 gxf6
34. Qg6 Ke7 35. Qg7+ Kd8 36. Qxf6+ Be7 37. Qb6+ Kc8 38. Be6# 1-0

[Event "NAYCC U10"]
[Site "Montreal CAN"]
[Date "2010.08.16"]
[Round "1"]
[White "Aghamalian, Derick"]
[Black "Ju, Terrence"]
[Result "1-0"]
[WhiteElo "1373"]
[BlackElo "940"]
[PlyCount "133"]
[EventDate "2010.08.16"]
[EventType "swiss"]
[EventRounds "7"]
[EventCountry "CAN"]

1. e4 c5 2. Nf3 d6 3. d4 cxd4 4. Nxd4 Nf6 5. Nc3 g6 6. Be3 Bg7 7. Be2 O-O 8.
O-O Nc6 9. h3 e5 10. Ndb5 Ne8 11. Qd2 a6 12. Na3 b5 13. Nd5 Qa5 14. Ne7+ Kh8
15. Nxc6 Qxd2 16. Bxd2 Bb7 17. Na5 Bxe4 18. Bb4 Rc8 19. c3 Bh6 20. Rad1 Rd8 21.
f3 Be3+ 22. Kh1 Bf5 23. Nc6 Rd7 24. Nb8 Rd8 25. Nxa6 Rg8 26. Bxb5 Be6 27. b3 d5
28. Be7 Rc8 29. Bxe8 Rgxe8 30. Bf6+ Kg8 31. Bxe5 Re7 32. Bd4 Bxd4 33. cxd4 Ra8
34. Rd2 Rxa6 35. Nb5 Rb7 36. Nc3 Bd7 37. Nxd5 Bb5 38. Rc1 Bc6 39. Nf6+ Kg7 40.
Ne4 Rba7 41. d5 Bb7 42. Nc5 Ra5 43. Nxb7 Rxb7 44. d6 Rd7 45. Kg1 Ra6 46. Rcd1
Kf6 47. Kf2 Ke6 48. Ke3 Raxd6 49. Rxd6+ Rxd6 50. Rxd6+ Kxd6 51. Kd4 Kc6 52. Kc4
f5 53. b4 Kb6 54. a4 h5 55. a5+ Ka7 56. b5 g5 57. Kc5 Kb7 58. a6+ Ka8 59. b6 g4
60. hxg4 fxg4 61. fxg4 hxg4 62. b7+ Ka7 63. Kc6 g3 64. Kc7 Kxa6 65. b8=Q Ka5
66. Qb3 Ka6 67. Qb6# 1-0

[Event "NAYCC U10"]
[Site "Montreal CAN"]
[Date "2010.08.16"]
[Round "1"]
[White "Bellissimo, Joseph"]
[Black "Zhang, Kevin"]
[Result "1-0"]
[WhiteElo "1747"]
[BlackElo "957"]
[PlyCount "97"]
[EventDate "2010.08.16"]
[EventType "swiss"]
[EventRounds "7"]
[EventCountry "CAN"]

1. e4 e5 2. Nf3 Nc6 3. Bc4 Nf6 4. d3 Bb4+ 5. c3 Be7 6. Be3 d6 7. O-O Bg4 8.
Nbd2 d5 9. exd5 Nxd5 10. Qb3 Be6 11. Qxb7 Nxe3 12. fxe3 Bd7 13. Qb3 O-O 14. Qc2
Be6 15. Rad1 Qd7 16. Qa4 a6 17. Kh1 Ra7 18. d4 exd4 19. exd4 Rfa8 20. Nb3 Bxc4
21. Qxc4 Qe6 22. d5 Ne5 23. dxe6 Nxc4 24. exf7+ Kxf7 25. Ne5+ Ke8 26. Nxc4 Rd8
27. Rxd8+ Kxd8 28. Ne5 Rb7 29. Nc6+ Kd7 30. Nxe7 Kxe7 31. Re1+ Kf7 32. Re2 Rb8
33. Kg1 Kg6 34. Nd4 Rf8 35. g3 h6 36. Kg2 h5 37. Re6+ Kh7 38. Rxa6 Rb8 39. b4
g6 40. Ra7 Rc8 41. Nb5 Kh6 42. Rxc7 Rb8 43. c4 Ra8 44. Ra7 Rc8 45. c5 Rb8 46.
a4 Kg5 47. c6 Rc8 48. c7 Kf5 49. Nd6+ 1-0

[Event "NAYCC U10"]
[Site "Montreal CAN"]
[Date "2010.08.16"]
[Round "1"]
[White "Birbal, Alec"]
[Black "Sun, Benjamin"]
[Result "0-1"]
[WhiteElo "614"]
[BlackElo "1289"]
[PlyCount "34"]
[EventDate "2010.08.16"]
[EventType "swiss"]
[EventRounds "7"]
[EventCountry "CAN"]

1. e4 c5 2. Qh5 d6 3. Bb5+ Bd7 4. Bc4 e6 5. d3 Nf6 6. Qh4 Be7 7. b3 b5 8. Bxb5
Bxb5 9. Nf3 Bc6 10. Ng5 Nxe4 11. dxe4 Bf6 12. Nc3 Bxc3+ 13. Kd1 Bxa1 14. Nxh7
Qxh4 15. g3 Qh5+ 16. f3 Qxf3+ 17. Kd2 Bc3# 0-1

[Event "NAYCC U10"]
[Site "Montreal CAN"]
[Date "2010.08.16"]
[Round "1"]
[White "Fernandez, Jorge Carlo"]
[Black "Sowa, Ryan"]
[Result "0-1"]
[WhiteElo "544"]
[BlackElo "1057"]
[PlyCount "48"]
[EventDate "2010.08.16"]
[EventType "swiss"]
[EventRounds "7"]
[EventCountry "CAN"]

1. Nf3 d5 2. Nc3 c5 3. e3 Nc6 4. Bb5 Nf6 5. Bxc6+ bxc6 6. O-O Bg4 7. Qe1 Bxf3
8. d3 Bg4 9. f3 Bf5 10. e4 dxe4 11. dxe4 Bg6 12. Bg5 e5 13. Bxf6 Qxf6 14. Qe2
Be7 15. Qa6 O-O 16. Qb7 Rab8 17. Qc7 Bd6 18. Qa5 Rxb2 19. Qa3 Rxc2 20. Qb3
Rxg2+ 21. Kxg2 Bh5 22. Rf2 Qg5+ 23. Kh1 Qe3 24. Re2 Bxf3+ 0-1

[Event "NAYCC U10"]
[Site "Montreal CAN"]
[Date "2010.08.16"]
[Round "1"]
[White "Gugel, Brett"]
[Black "Kubrynski, Daniel"]
[Result "1-0"]
[WhiteElo "1352"]
[BlackElo "882"]
[PlyCount "63"]
[EventDate "2010.08.16"]
[EventType "swiss"]
[EventRounds "7"]
[EventCountry "CAN"]

1. e4 e5 2. Nf3 Nc6 3. Bb5 Bd6 4. O-O Nf6 5. Re1 O-O 6. d4 Re8 7. Bxc6 bxc6 8.
dxe5 Bxe5 9. Nxe5 Rxe5 10. Nc3 Qe8 11. f4 Rc5 12. Be3 Rc4 13. a3 Ba6 14. Bd4 c5
15. Be5 d6 16. b3 dxe5 17. bxc4 Bxc4 18. f5 Rd8 19. Qf3 Rd7 20. Rad1 Re7 21.
Rd2 Qb8 22. Red1 Re8 23. Qe3 h6 24. Qxc5 a6 25. Qxc4 Qa7+ 26. Kh1 Kh7 27. Qxf7
Nxe4 28. Nxe4 Qa8 29. Rd7 Rg8 30. Ng5+ Kh8 31. Qg6 hxg5 32. Qh5# 1-0

[Event "NAYCC U10"]
[Site "Montreal CAN"]
[Date "2010.08.16"]
[Round "1"]
[White "Lachance, Pierre-Alexis"]
[Black "Miyasaka, Matthew"]
[Result "0-1"]
[WhiteElo "891"]
[BlackElo "1472"]
[PlyCount "62"]
[EventDate "2010.08.16"]
[EventType "swiss"]
[EventRounds "7"]
[EventCountry "CAN"]

1. e4 c5 2. Nf3 d6 3. g3 Nf6 4. Nc3 Nc6 5. d3 Bg4 6. Bg2 g6 7. O-O Bg7 8. Re1
O-O 9. Nd5 Nxd5 10. exd5 Ne5 11. Bg5 h6 12. Bf4 Nxf3+ 13. Bxf3 Bxf3 14. Qxf3 g5
15. Bd2 Re8 16. Re2 Qd7 17. Rae1 Be5 18. Re3 e6 19. Qe2 exd5 20. Bc3 d4 21. Re4
f5 22. Qh5 fxe4 23. Rxe4 dxc3 24. bxc3 Bg7 25. Rxe8+ Rxe8 26. d4 cxd4 27. cxd4
Re1+ 28. Kg2 Qc6+ 29. f3 Qxc2+ 30. Kh3 Qf5+ 31. g4 Qxf3# 0-1

[Event "NAYCC U10"]
[Site "Montreal CAN"]
[Date "2010.08.16"]
[Round "1"]
[White "Robichaud, Alexandre"]
[Black "Matlin, Michael"]
[Result "1-0"]
[WhiteElo "1146"]
[BlackElo "419"]
[PlyCount "61"]
[EventDate "2010.08.16"]
[EventType "swiss"]
[EventRounds "7"]
[EventCountry "CAN"]

1. e4 c6 2. d4 d5 3. exd5 cxd5 4. Nf3 Nc6 5. Nc3 Nf6 6. Bd3 b6 7. O-O Bb7 8.
Re1 e6 9. Ne5 Qc7 10. Nxc6 Bxc6 11. Qe2 O-O-O 12. g3 Re8 13. Bf4 Bd6 14. Bxd6
Qxd6 15. Ba6+ Bb7 16. Nb5 Qb8 17. Bxb7+ Qxb7 18. Nd6+ Kc7 19. Nxb7 Kxb7 20. c4
Re7 21. cxd5 Nxd5 22. Qe5 Rhe8 23. Qxg7 f6 24. Qg4 e5 25. dxe5 fxe5 26. Qh5 Nf6
27. Qg5 Re6 28. Re2 Nd5 29. Rae1 e4 30. Qxd5+ Kc7 31. Rxe4 1-0

[Event "NAYCC U10"]
[Site "Montreal CAN"]
[Date "2010.08.16"]
[Round "1"]
[White "Satir, Ege Nur"]
[Black "Wan, Kevin"]
[Result "0-1"]
[WhiteElo "1108"]
[BlackElo "1385"]
[PlyCount "56"]
[EventDate "2010.08.16"]
[EventType "swiss"]
[EventRounds "7"]
[EventCountry "CAN"]

1. e4 e5 2. Nf3 Nc6 3. Bc4 d6 4. Ng5 Qxg5 5. Qf3 Qf6 6. Qxf6 Nxf6 7. Nc3 Be6 8.
Bb3 Bxb3 9. axb3 Nd4 10. O-O Nxc2 11. Ra4 Nd4 12. Ra3 b5 13. b4 c6 14. d3 d5
15. Be3 Bxb4 16. Ra2 O-O 17. Rc1 Bxc3 18. bxc3 Ne6 19. Rxa7 Rxa7 20. Bxa7 dxe4
21. dxe4 Nxe4 22. f3 Nd6 23. Bf2 Nc4 24. Ra1 Rd8 25. Bg3 f6 26. h3 Nc5 27. Ra6
Nxa6 28. Kh2 c5 0-1

[Event "NAYCC U10"]
[Site "Montreal CAN"]
[Date "2010.08.16"]
[Round "1"]
[White "Tanenbaum, Zachary"]
[Black "Vaillant, Charles-Etienne"]
[Result "1-0"]
[WhiteElo "1684"]
[BlackElo "1097"]
[PlyCount "21"]
[EventDate "2010.08.16"]
[EventType "swiss"]
[EventRounds "7"]
[EventCountry "CAN"]

1. e4 e5 2. Nf3 Nc6 3. Bc4 Bc5 4. c3 Nf6 5. d4 Bb6 6. dxe5 Nxe4 7. Qd5 O-O 8.
Qxe4 d6 9. O-O Be6 10. Ng5 d5 11. Qxh7# 1-0

[Event "NAYCC U10"]
[Site "Montreal CAN"]
[Date "2010.08.16"]
[Round "1"]
[White "Vachon, Charles-Olivier"]
[Black "Zhao, Frederick"]
[Result "0-1"]
[WhiteElo "722"]
[BlackElo "1350"]
[PlyCount "44"]
[EventDate "2010.08.16"]
[EventType "swiss"]
[EventRounds "7"]
[EventCountry "CAN"]

1. e4 e5 2. Nf3 Nc6 3. Bb5 a6 4. Bxc6 dxc6 5. d3 Bd6 6. O-O Nf6 7. b3 O-O 8.
Bg5 h6 9. Bxf6 Qxf6 10. g3 Bh3 11. Re1 Bg4 12. Re3 Bc5 13. d4 Bxd4 14. c3 Bxe3
15. fxe3 Bxf3 16. Qd7 Bxe4 17. Nd2 Bf5 18. Qxc7 Rad8 19. Nf1 Rd7 20. Qb6 Bh3
21. Qc5 Qf3 22. Qd5 Rxd5 0-1

[Event "NAYCC U10"]
[Site "Montreal CAN"]
[Date "2010.08.16"]
[Round "1"]
[White "Wang, Eric"]
[Black "Lu, Albert"]
[Result "0-1"]
[WhiteElo "933"]
[BlackElo "1849"]
[PlyCount "143"]
[EventDate "2010.08.16"]
[EventType "swiss"]
[EventRounds "7"]
[EventCountry "CAN"]

1. e4 e6 2. d4 d5 3. Nd2 Nf6 4. e5 Nfd7 5. f4 c5 6. c3 Nc6 7. Ndf3 Qb6 8. Ne2
cxd4 9. cxd4 Be7 10. Nc3 O-O 11. Be2 f6 12. O-O fxe5 13. fxe5 Bb4 14. Kh1 Bxc3
15. bxc3 Qa5 16. Qc2 Rf7 17. Ng5 Rxf1+ 18. Bxf1 Nf8 19. Bd3 g6 20. Nf3 Bd7 21.
Bh6 Ne7 22. Rb1 Qc7 23. Rf1 Nf5 24. Bxf5 exf5 25. Re1 Ne6 26. Qd2 Rc8 27. Rc1
Qd8 28. Ng5 Nc7 29. c4 dxc4 30. Rxc4 Nd5 31. Rxc8 Qxc8 32. Nf3 Be6 33. Qc1
Qxc1+ 34. Bxc1 Nc3 35. a3 Bd5 36. h3 Bxf3 37. gxf3 Kf7 38. Kg2 Ke6 39. Kf2 Kd5
40. Ke3 Nb5 41. Bb2 Nc7 42. h4 h6 43. f4 Kc4 44. a4 Kb3 45. Ba1 Nd5+ 46. Kd3
Nxf4+ 47. Ke3 g5 48. e6 Nxe6 49. d5 Nc5 50. Bd4 Nd7 51. hxg5 hxg5 52. Bxa7 Kc4
53. Kf2 Kxd5 54. Be3 f4 55. Bd2 Nc5 56. Kf3 Ne6 57. a5 Ke5 58. Kg4 Ke4 59. Bc3
f3 60. Kg3 Ke3 61. Be1 Nd8 62. Bf2+ Ke2 63. Bb6 Nc6 64. Kg4 f2 65. Bxf2 Kxf2
66. Kxg5 Nxa5 67. Kf4 b5 68. Ke4 b4 69. Kd3 b3 70. Kc3 Ke3 71. Kb2 Kd3 72. Kc1
0-1

[Event "NAYCC U10"]
[Site "Montreal CAN"]
[Date "2010.08.16"]
[Round "1"]
[White "Xiong, Jeffery"]
[Black "Saine, Zachary"]
[Result "1-0"]
[WhiteElo "2137"]
[BlackElo "1120"]
[PlyCount "53"]
[EventDate "2010.08.16"]
[EventType "swiss"]
[EventRounds "7"]
[EventCountry "CAN"]

1. e4 e5 2. Nf3 Nc6 3. Bb5 a6 4. Ba4 b5 5. Bb3 Be7 6. O-O Nf6 7. Re1 O-O 8. a4
Bb7 9. d3 Bb4 10. c3 Bc5 11. Bg5 h6 12. Bh4 b4 13. d4 exd4 14. cxd4 Be7 15. Bc2
d5 16. Bxf6 Bxf6 17. e5 Be7 18. Qd3 f5 19. exf6 Rxf6 20. Qh7+ Kf8 21. Ne5 Nxe5
22. dxe5 Rb6 23. Nd2 Qe8 24. e6 Bc5 25. Bg6 Qc6 26. e7+ Bxe7 27. Qh8# 1-0

[Event "NAYCC U10"]
[Site "Montreal CAN"]
[Date "2010.08.16"]
[Round "1"]
[White "Yang, Eddie"]
[Black "Yip, William"]
[Result "1-0"]
[WhiteElo "1054"]
[BlackElo "1286"]
[PlyCount "89"]
[EventDate "2010.08.16"]
[EventType "swiss"]
[EventRounds "7"]
[EventCountry "CAN"]

1. d4 d5 2. c4 e6 3. a3 Nf6 4. Nf3 c5 5. e3 Nc6 6. Nc3 cxd4 7. exd4 Be7 8. Bd3
dxc4 9. Bxc4 O-O 10. O-O Qb6 11. b4 Rd8 12. Be3 Ng4 13. Na4 Qc7 14. Rc1 a6 15.
Nc5 b6 16. Nb3 f5 17. Qd2 Bd6 18. h3 Nxe3 19. fxe3 f4 20. e4 Qa7 21. Ng5 Qe7
22. Nf3 Bb7 23. d5 Ne5 24. Nbd4 Nxc4 25. Rxc4 exd5 26. Nf5 Qe6 27. N3d4 Qf6 28.
exd5 Bxd5 29. Rc3 Be4 30. Nxd6 Rxd6 31. Qa2+ Bd5 32. Qd2 Bf7 33. Rd3 Bc4 34.
Rxf4 Qe5 35. Re3 Qxf4 36. Re8+ Rxe8 37. Qxf4 Rf6 38. Qc7 Bf7 39. Qg3 Rg6 40.
Qd3 Rd8 41. Qe3 Bd5 42. g4 h5 43. Nf5 Re6 44. Qg5 Rde8 45. Qxg7# 1-0

[Event "NAYCC U10"]
[Site "Montreal CAN"]
[Date "2010.08.16"]
[Round "1"]
[White "Zhang, Jeff"]
[Black "Zimmermann, Eric"]
[Result "1-0"]
[WhiteElo "1107"]
[BlackElo "676"]
[PlyCount "37"]
[EventDate "2010.08.16"]
[EventType "swiss"]
[EventRounds "7"]
[EventCountry "CAN"]

1. e4 e5 2. Nf3 Nc6 3. Bc4 Nf6 4. Ng5 Qe7 5. Nxf7 Rg8 6. Ng5 Qc5 7. Bxg8 h6 8.
Nf3 Nxe4 9. O-O d6 10. d3 Nf6 11. Bc4 Bg4 12. Nc3 Bxf3 13. Qxf3 Nd4 14. Qxb7
Rd8 15. Be3 Ng4 16. Bxd4 exd4 17. Qf3 Ne5 18. Rfe1 dxc3 19. Qf7# 1-0

[Event "NAYCC U10"]
[Site "Montreal CAN"]
[Date "2010.08.16"]
[Round "2"]
[White "Ait-Chabane, Adam"]
[Black "Satir, Ege Nur"]
[Result "0-1"]
[WhiteElo "951"]
[BlackElo "1108"]
[PlyCount "52"]
[EventDate "2010.08.16"]
[EventType "swiss"]
[EventRounds "7"]
[EventCountry "CAN"]

1. e4 e5 2. d4 exd4 3. Qxd4 Nc6 4. Qd1 Nf6 5. Nc3 Bb4 6. Bd2 O-O 7. Nf3 Re8 8.
Bd3 d5 9. e5 Nxe5 10. Nxe5 Rxe5+ 11. Be2 d4 12. Na4 Bxd2+ 13. Qxd2 b5 14. Nc3
Ba6 15. O-O dxc3 16. Qxd8+ Rxd8 17. Bf3 cxb2 18. Rab1 b4 19. Rfd1 Rxd1+ 20.
Rxd1 g6 21. Rd8+ Kg7 22. Rd1 Bc4 23. c3 bxc3 24. g3 c2 25. Rd8 c1=Q+ 26. Kg2
Qf1# 0-1

[Event "NAYCC U10"]
[Site "Montreal CAN"]
[Date "2010.08.16"]
[Round "2"]
[White "Gariaev, Gleb"]
[Black "Birbal, Alec"]
[Result "1-0"]
[WhiteElo "829"]
[BlackElo "614"]
[PlyCount "71"]
[EventDate "2010.08.16"]
[EventType "swiss"]
[EventRounds "7"]
[EventCountry "CAN"]

1. e4 e6 2. d4 d5 3. e5 Bb4+ 4. c3 Be7 5. Nf3 Na6 6. Bxa6 bxa6 7. O-O Nh6 8.
Qa4+ Bd7 9. Qxa6 Rb8 10. Qe2 Ng4 11. Qd1 c5 12. b3 cxd4 13. Nxd4 Nxe5 14. Bf4
Bf6 15. Qe2 Nc6 16. Bxb8 Qxb8 17. Qb5 Be5 18. Re1 f6 19. a4 g5 20. Nxc6 Bxc6
21. Qxc6+ Kf7 22. g3 Bxc3 23. Qxc3 Qe8 24. Qc7+ Qe7 25. Qxe7+ Kxe7 26. Nc3 d4
27. Nb5 d3 28. Rad1 Rd8 29. Re3 d2 30. Re2 Rc8 31. Rexd2 a5 32. Rd7+ Kf8 33.
Na7 f5 34. Nxc8 h5 35. Rc7 h4 36. Rd8# 1-0

[Event "NAYCC U10"]
[Site "Montreal CAN"]
[Date "2010.08.16"]
[Round "2"]
[White "Gugel, Brett"]
[Black "Xiong, Jeffery"]
[Result "0-1"]
[WhiteElo "1352"]
[BlackElo "2137"]
[PlyCount "74"]
[EventDate "2010.08.16"]
[EventType "swiss"]
[EventRounds "7"]
[EventCountry "CAN"]

1. e4 c5 2. Nf3 e6 3. d4 cxd4 4. Nxd4 Nf6 5. Nc3 Nc6 6. Nxc6 bxc6 7. e5 Nd5 8.
Ne4 Qc7 9. f4 Qb6 10. Qd3 a5 11. a3 Qc7 12. c4 Nb6 13. Be3 Rb8 14. Be2 Ba6 15.
Qc2 c5 16. O-O Be7 17. Rfd1 O-O 18. Bd3 h6 19. Nd6 Nc8 20. Ne4 Bb7 21. Nc3 d6
22. Nb5 Qc6 23. exd6 Nxd6 24. Nxd6 Bxd6 25. Be4 Qxe4 26. Qxe4 Bxe4 27. Rxd6
Rxb2 28. Rd2 Rxd2 29. Bxd2 Rb8 30. Re1 f5 31. Bc1 Rb3 32. Kf2 Rc3 33. Be3 Rc2+
34. Kf1 Rxg2 35. Bxc5 Rxh2 36. Bg1 Bd3+ 37. Re2 Rxe2 0-1

[Event "NAYCC U10"]
[Site "Montreal CAN"]
[Date "2010.08.16"]
[Round "2"]
[White "Kubrynski, Daniel"]
[Black "Fan, Run Kun"]
[Result "1/2-1/2"]
[WhiteElo "882"]
[BlackElo "1174"]
[PlyCount "101"]
[EventDate "2010.08.16"]
[EventType "swiss"]
[EventRounds "7"]
[EventCountry "CAN"]

1. e4 e5 2. Nf3 Nc6 3. Bb5 d6 4. O-O Nf6 5. Nc3 Be7 6. d3 O-O 7. Bxc6 bxc6 8.
Bg5 Be6 9. Bxf6 Bxf6 10. h3 Re8 11. Re1 Rb8 12. b3 d5 13. exd5 Bxd5 14. Nxd5
cxd5 15. c3 c6 16. Re3 Re6 17. Re2 Qe7 18. Rd2 Qc7 19. c4 e4 20. cxd5 Ree8 21.
dxe4 Bxa1 22. Qxa1 Rxe4 23. Qb1 Rbe8 24. Rd1 h6 25. d6 Qd7 26. Nd4 Qxd6 27. Nf3
Qa3 28. Nd2 Re2 29. Nc4 Qxa2 30. Qd3 Re1+ 31. Kh2 Rxd1 32. Qxd1 Qxf2 33. Qg1
Qf4+ 34. Kh1 Qg3 35. Nd2 Re1 36. Nf1 a5 37. Nxg3 Rxg1+ 38. Kxg1 Kf8 39. Kf1 Ke7
40. Ke2 Kd6 41. Kd3 Kc5 42. Kc3 Kb5 43. Ne4 f6 44. Nd6+ Kc5 45. Nb7+ Kb6 46.
Nd6 g6 47. Nc4+ Kb5 48. Nd6+ Kc5 49. Nb7+ Kb6 50. Nd6 f5 51. Nc8+ 1/2-1/2

[Event "NAYCC U10"]
[Site "Montreal CAN"]
[Date "2010.08.16"]
[Round "2"]
[White "Lu, Albert"]
[Black "Zhang, Evan"]
[Result "0-1"]
[WhiteElo "1849"]
[BlackElo "1355"]
[PlyCount "82"]
[EventDate "2010.08.16"]
[EventType "swiss"]
[EventRounds "7"]
[EventCountry "CAN"]

1. e4 e5 2. Nf3 Nc6 3. d4 exd4 4. Nxd4 Bc5 5. Be3 Nxd4 6. Bxd4 Bxd4 7. Qxd4 Qg5
8. Nc3 Ne7 9. Nb5 Nc6 10. Nxc7+ Kd8 11. Qc3 Kxc7 12. Bd3 Qa5 13. O-O Qxc3 14.
bxc3 d6 15. f4 Bd7 16. Rab1 Rhf8 17. f5 f6 18. Rb2 g6 19. fxg6 hxg6 20. Rfb1 b6
21. a4 Rab8 22. Bb5 Rfe8 23. Re1 f5 24. Bd3 d5 25. e5 Rxe5 26. Rxe5 Nxe5 27.
Kf2 a5 28. Bb5 Bxb5 29. Rxb5 Kc6 30. h3 Nf7 31. Ke3 Nd6 32. Rb1 Re8+ 33. Kd3
Nb7 34. g3 Nc5+ 35. Kd2 Ne4+ 36. Kd3 Nf2+ 37. Kd2 Nxh3 38. Rh1 Nf2 39. Rh6 Re6
40. Kc1 Ne4 41. Kb2 Nxg3 0-1

[Event "NAYCC U10"]
[Site "Montreal CAN"]
[Date "2010.08.16"]
[Round "2"]
[White "Matlin, Daniel"]
[Black "Aghamalian, Derick"]
[Result "0-1"]
[WhiteElo "220"]
[BlackElo "1373"]
[PlyCount "56"]
[EventDate "2010.08.16"]
[EventType "swiss"]
[EventRounds "7"]
[EventCountry "CAN"]

1. e4 e5 2. Nc3 Nf6 3. f4 d6 4. f5 Nc6 5. Nf3 Be7 6. d4 exd4 7. Nxd4 Bd7 8. Nd5
Nxe4 9. Ne3 O-O 10. Ng4 Nxd4 11. Qxd4 Bxf5 12. Bf4 Re8 13. Bd3 Qd7 14. h3 Nf6
15. Nh6+ gxh6 16. Bxh6 Bf8+ 17. Be2 Bxh6 18. Qxf6 Qe6 19. Qxe6 fxe6 20. Bh5 Rf8
21. O-O Bxc2 22. Rxf8+ Rxf8 23. Be2 d5 24. b3 d4 25. Bc4 d3 26. Bxe6+ Kg7 27.
Bg4 d2 28. Bh5 Rd8 0-1

[Event "NAYCC U10"]
[Site "Montreal CAN"]
[Date "2010.08.16"]
[Round "2"]
[White "Miyasaka, Matthew"]
[Black "Yang, Eddie"]
[Result "1-0"]
[WhiteElo "1472"]
[BlackElo "1054"]
[PlyCount "85"]
[EventDate "2010.08.16"]
[EventType "swiss"]
[EventRounds "7"]
[EventCountry "CAN"]

1. e4 c5 2. Nf3 e6 3. d4 cxd4 4. Nxd4 Nc6 5. Nc3 a6 6. Be2 Nf6 7. O-O Bb4 8.
Bg5 h6 9. Bh4 O-O 10. Nxc6 bxc6 11. e5 Be7 12. exf6 Bxf6 13. Bxf6 Qxf6 14. Qd3
Rd8 15. Rad1 Bb7 16. b3 c5 17. Ne4 Qe5 18. Bf3 a5 19. Rfe1 Ba6 20. c4 Qc7 21.
Nd6 Rab8 22. Bh5 Bb7 23. Bxf7+ Kh8 24. Ne4 Qf4 25. Bh5 Rf8 26. Bf3 d5 27. cxd5
Bxd5 28. Qe3 Qf5 29. Nd2 Rbe8 30. Ne4 Re7 31. Ng3 Qf6 32. Bxd5 Rd7 33. Bxe6 Re7
34. Nh5 Qg6 35. Qxc5 Rfe8 36. Nf4 Qf7 37. Qc4 Qf6 38. h3 g5 39. Nd5 Qg7 40.
Nxe7 Rxe7 41. Qc8+ Kh7 42. Bf5+ Qg6 43. Rxe7# 1-0

[Event "NAYCC U10"]
[Site "Montreal CAN"]
[Date "2010.08.16"]
[Round "2"]
[White "Pillai, Kadhir"]
[Black "Zhang, Jeff"]
[Result "1-0"]
[WhiteElo "1952"]
[BlackElo "1107"]
[PlyCount "45"]
[EventDate "2010.08.16"]
[EventType "swiss"]
[EventRounds "7"]
[EventCountry "CAN"]

1. e4 c5 2. Nf3 Nc6 3. d4 cxd4 4. Nxd4 g6 5. c4 Bg7 6. Be3 Nf6 7. Nc3 O-O 8.
Be2 d6 9. O-O Bd7 10. Rc1 Rc8 11. b3 Qa5 12. f4 Nb4 13. Qd2 Bc6 14. Bf3 Rfe8
15. a3 Na6 16. b4 Qxa3 17. b5 Bxb5 18. Ncxb5 Qa4 19. Bd1 Qb4 20. Qxb4 Nxb4 21.
Nxa7 Ra8 22. Nab5 Nd3 23. Rc3 1-0

[Event "NAYCC U10"]
[Site "Montreal CAN"]
[Date "2010.08.16"]
[Round "2"]
[White "Saine, Zachary"]
[Black "Lachance, Pierre-Alexis"]
[Result "1-0"]
[WhiteElo "1120"]
[BlackElo "891"]
[PlyCount "107"]
[EventDate "2010.08.16"]
[EventType "swiss"]
[EventRounds "7"]
[EventCountry "CAN"]

1. e4 e5 2. Nf3 Nc6 3. Bc4 Nf6 4. Ng5 d5 5. exd5 Nxd5 6. Qf3 Qxg5 7. Bxd5 Qe7
8. Bxc6+ Bd7 9. Bxb7 Rd8 10. O-O Qe6 11. Bd5 Qf5 12. Qxf5 Bxf5 13. Nc3 Bxc2 14.
Bc6+ Ke7 15. Re1 Rd6 16. Rxe5+ Kf6 17. Rc5 Re6 18. h3 Bxc5 19. Nd5+ Ke5 20. d4+
Bxd4 21. Bf4+ Ke4 22. Re1+ Kf5 23. g4+ Kg6 24. Rxe6+ fxe6 25. Nxc7 Bb6 26. Nxe6
Rc8 27. Bd5 Ba4 28. Bg3 Rc1+ 29. Kg2 Rd1 30. Nf4+ Kf6 31. Nh5+ Ke7 32. Bf3 Rd2
33. b3 g6 34. Bh4+ Kf7 35. Nf6 Kg7 36. bxa4 Bd8 37. Ne8+ Kf7 38. Bxd8 Rxd8 39.
Nc7 Rc8 40. Nb5 a6 41. Nd6+ Ke7 42. Nxc8+ Kf7 43. a5 g5 44. Bb7 h5 45. Bxa6 h4
46. Bc4+ Ke8 47. a6 Kd7 48. a7 Kxc8 49. a8=Q+ Kc7 50. Qd5 Kb6 51. Qxg5 Ka7 52.
Qb5 Ka8 53. Bd5+ Ka7 54. Qb7# 1-0